Unexpected changes in rating legislation (Record no. 36145)

MARC details
000 -LEADER
fixed length control field 01112cab a2200253 4500
001 - CONTROL NUMBER
control field ABS46655
008 - FIXED-LENGTH DATA ELEMENTS--GENERAL INFORMATION
fixed length control field 090401t1992 xxu||||| |||| 00| 0 eng d
035 ## - SYSTEM CONTROL NUMBER
System control number (Sirsi) u59031
041 ## - LANGUAGE CODE
Language code of text/sound track or separate title eng
100 ## - MAIN ENTRY--PERSONAL NAME
Personal name Partridge, C.
245 ## - TITLE STATEMENT
Title Unexpected changes in rating legislation
260 ## - PUBLICATION, DISTRIBUTION, ETC.
Date of publication, distribution, etc. 1992
350 ## - PRICE (NR) (BK AM CF MU VM SE) [OBSOLETE]
Price 0
490 ## - SERIES STATEMENT
Series statement Estates Gazette
Volume/sequential designation (9924) 20 June 1992, 112-114(2)
520 ## - SUMMARY, ETC.
Summary, etc. Reviews the regulations which came into force on 1 April which make important changes to rating legisaltion, Non-Doemstic Rating (Material day for list alterations) Regulations 1992 (SI 1992:556), Non-Domestic Rating (Alteration of lists and appeals) (Amendment) Regulations 1992 (SI 1992:611), Non-Domestic Rating (Multiple Moorings) Regulations 1992 (SI 1992:557) and Valuation for Rating (Former enterprise zone) (Amendment) Regulations 1992 (SI 1992:698).
650 ## - SUBJECT ADDED ENTRY--TOPICAL TERM
Topical term or geographic name entry element ENTERPRISE ZONES
650 ## - SUBJECT ADDED ENTRY--TOPICAL TERM
Topical term or geographic name entry element LIST ALTERATIONS
650 ## - SUBJECT ADDED ENTRY--TOPICAL TERM
Topical term or geographic name entry element LOCAL GOVERNMENT FINANCE ACT 1992
650 ## - SUBJECT ADDED ENTRY--TOPICAL TERM
Topical term or geographic name entry element MATERIAL DAY
650 ## - SUBJECT ADDED ENTRY--TOPICAL TERM
Topical term or geographic name entry element UNIFROM BUSINESS RATE
690 ## - LOCAL SUBJECT ADDED ENTRY--TOPICAL TERM (OCLC, RLIN)
Topical term or geographic name as entry element RATING AND VALUATION
942 ## - ADDED ENTRY ELEMENTS (KOHA)
Suppress in OPAC 0
948 ## - LOCAL PROCESSING INFORMATION (OCLC); SERIES PART DESIGNATOR (RLIN)
c (OCLC) 04/03/1997
Holdings
Withdrawn status Lost status Source of classification or shelving scheme Damaged status Not for loan Home library Current library Shelving location Date acquired Total Checkouts Full call number Barcode Date last seen Copy number Price effective from Koha item type
    Dewey Decimal Classification     London London Journal article 14/09/1999   ABS46655 59031-1001 06/08/2019 1 06/08/2019 Journal article